| 000 | 01546cam a2200373 a 4500 | ||
|---|---|---|---|
| 001 | 15056907 | ||
| 003 | OSt | ||
| 005 | 20151007102818.0 | ||
| 008 | 071024s2008 mau 000 0beng | ||
| 010 | _a 2007043923 | ||
| 020 | _a9780618805754 | ||
| 020 | _a0618805753 | ||
| 035 | _a(OCoLC)ocn180204871 | ||
| 035 |
_a(OCoLC)180204871 _z(OCoLC)179794707 |
||
| 040 |
_aDLC _cDLC _dDLC |
||
| 043 |
_an-us--- _ae-it--- |
||
| 050 | 0 | 0 |
_aSK17.G2 _bG35 2008 |
| 082 | 0 | 0 |
_a799.2/32 _222 |
| 100 | 1 | _aGallagher, Tim. | |
| 245 | 1 | 0 |
_aFalcon fever : _ba falconer in the twenty-first century / _cTim Gallagher. |
| 260 |
_aBoston : _bHoughton Mifflin Co., _c2008. |
||
| 300 |
_ax, 326 p. ; _c23 cm. |
||
| 600 | 1 | 0 | _aGallagher, Tim. |
| 650 | 0 |
_aFalconers _zUnited States _vBiography. |
|
| 650 | 0 |
_aFalconry _zUnited States _vAnecdotes. |
|
| 650 | 0 |
_aFalconry _zItaly _vAnecdotes. |
|
| 856 | 4 | 2 |
_3Publisher description _uhttp://www.loc.gov/catdir/enhancements/fy0905/2007043923-d.html |
| 856 | 4 | 1 |
_3Sample text _uhttp://www.loc.gov/catdir/enhancements/fy0905/2007043923-s.html |
| 856 | 4 | 1 |
_3Table of contents only _uhttp://www.loc.gov/catdir/enhancements/fy0905/2007043923-t.html |
| 856 | 4 | 2 |
_3Contributor biographical information _uhttp://www.loc.gov/catdir/enhancements/fy0905/2007043923-b.html |
| 906 |
_a7 _bcbc _corignew _d1 _eecip _f20 _gy-gencatlg |
||
| 942 |
_2lcc _cREF |
||
| 999 |
_c250236 _d250236 |
||